| Tag |
First Indicator |
Second Indicator |
Subfields |
| LEADER |
00000cam a2200000 i 4500 |
| 001 |
in00005741339 |
| 005 |
20260326173330.4 |
| 006 |
m o d |
| 007 |
cr bn||||||ada |
| 008 |
100402s1965 enka ob 000 0 eng d |
| 040 |
|
|
|a OCLCE
|b eng
|e pn
|c OCLCE
|d OCLCQ
|d OCLCF
|d OPELS
|d UIU
|d OCLCQ
|d OCLCA
|d OCLCQ
|d OCLCO
|d OCL
|d OCLCL
|d OCLCQ
|d OCLCL
|d OCLCA
|d OCLCO
|
| 019 |
|
|
|a 608689334
|a 1038184710
|a 1478901769
|
| 020 |
|
|
|z 9780080106649
|
| 020 |
|
|
|z 0080106641
|
| 035 |
|
|
|a (OCoLC)596085074
|z (OCoLC)608689334
|z (OCoLC)1038184710
|z (OCoLC)1478901769
|
| 042 |
|
|
|a dlr
|
| 050 |
|
4 |
|a QL737.R6
|b R59 1965
|
| 050 |
|
4 |
|a QH302.I57
|b Z6 v.24
|
| 060 |
|
4 |
|a QL 737.R6
|b R663g 1965
|
| 082 |
0 |
4 |
|a 599.2
|
| 084 |
|
|
|a 42.64
|
| 084 |
|
|
|a 22
|2 ssgn
|
| 049 |
|
|
|a TXAM
|
| 100 |
1 |
|
|a Robinson, Roy.
|
| 245 |
1 |
0 |
|a Genetics of the Norway rat.
|
| 260 |
|
|
|a Oxford :
|b Pergamon Press,
|c [1965]
|
| 300 |
|
|
|a 1 online resource (ix, 804 pages) :
|b illustrations
|
| 336 |
|
|
|a text
|b txt
|2 rdacontent
|
| 337 |
|
|
|a computer
|b c
|2 rdamedia
|
| 338 |
|
|
|a online resource
|b cr
|2 rdacarrier
|
| 490 |
1 |
|
|a International series of monographs on pure and applied biology. Division: Zoology ;
|v v. 24
|
| 504 |
|
|
|a Includes bibliographical references (pages 731-782).
|
| 538 |
|
|
|a Master and use copy. Digital master created according to Benchmark for Faithful Digital Reproductions of Monographs and Serials, Version 1. Digital Library Federation, December 2002.
|u http://purl.oclc.org/DLF/benchrepro0212
|5 MiAaHDL
|
| 583 |
1 |
|
|a digitized
|c 2010
|h HathiTrust Digital Library
|l committed to preserve
|2 pda
|5 MiAaHDL
|
| 588 |
0 |
|
|a Print version record.
|
| 650 |
|
0 |
|a Rattus norvegicus.
|
| 650 |
|
0 |
|a Animal genetics.
|
| 650 |
|
0 |
|a Rats.
|
| 650 |
|
0 |
|a Genetics.
|
| 650 |
|
2 |
|a Genetics
|
| 650 |
|
2 |
|a Rats
|
| 650 |
|
6 |
|a Génétique.
|
| 650 |
|
6 |
|a Rats.
|
| 650 |
|
6 |
|a Surmulot.
|
| 650 |
|
6 |
|a Génétique animale.
|
| 650 |
|
7 |
|a genetics.
|2 aat
|
| 650 |
|
7 |
|a Rats
|2 fast
|
| 650 |
|
7 |
|a Genetics
|2 fast
|
| 650 |
|
7 |
|a Animal genetics
|2 fast
|
| 650 |
|
7 |
|a Rattus norvegicus
|2 fast
|
| 650 |
|
7 |
|a Ratte
|2 gnd
|
| 650 |
|
7 |
|a Genetik
|2 gnd
|
| 655 |
|
7 |
|a Electronic books.
|2 local
|
| 710 |
2 |
|
|a ScienceDirect (Online service)
|
| 776 |
0 |
8 |
|i Print version:
|a Robinson, Roy.
|t Genetics of the Norway rat.
|d Oxford, Pergamon Press [1965]
|w (DLC) 64019588
|w (OCoLC)890321
|
| 830 |
|
0 |
|a International series of monographs on pure and applied biology.
|p Division, Zoology ;
|v v. 24.
|
| 856 |
4 |
0 |
|u http://proxy.library.tamu.edu/login?url=https://www.sciencedirect.com/science/book/9780080106649
|z Connect to the full text of this electronic book
|t 0
|
| 955 |
|
|
|a Elsevier ScienceDirect 2026-2027
|
| 994 |
|
|
|a 92
|b TXA
|
| 999 |
f |
f |
|i 3c7fc6cc-cd1f-4d1b-bc01-26f354bcb593
|s b7352f7a-475c-46f4-8511-1f197b33ec59
|t 0
|
| 952 |
f |
f |
|a Texas A&M University
|b College Station
|c Electronic Resources
|s www_evans
|d Available Online
|t 0
|e QL737.R6 R59 1965
|h Library of Congress classification
|
| 998 |
f |
f |
|a QL737.R6 R59 1965
|t 0
|l Available Online
|